CAMAC počítačový automatizovaný systém na meranie a riadenie

Enregistré dans:
Détails bibliographiques
Format: Livre
Langue:slovaque
Publié: Bratislava VEDA 1983
Tags: Ajouter un tag
Pas de tags, Soyez le premier à ajouter un tag!

MARC

LEADER 00000nam a2200000 4500
001 c117059
005 20250522125418.5
041 0 |a slo 
044 |a SK 
245 1 0 |a CAMAC  |b počítačový automatizovaný systém na meranie a riadenie 
264 1 |a Bratislava  |b VEDA  |c 1983 
300 |a 571 s.  |e 3 tab. príl.